<?xml version="1.0" encoding="UTF-8"?>
<record
    xmlns:xsi="http://www.w3.org/2001/XMLSchema-instance"
    xsi:schemaLocation="http://www.loc.gov/MARC21/slim http://www.loc.gov/standards/marcxml/schema/MARC21slim.xsd"
    xmlns="http://www.loc.gov/MARC21/slim">

  <leader>04899    a2200241   4500</leader>
  <controlfield tag="001">54512</controlfield>
  <controlfield tag="005">20260407155818.0</controlfield>
  <controlfield tag="008">260407a1981    arg                 spa d</controlfield>
  <controlfield tag="003">AR-UNSa-BCEJYS</controlfield>
  <datafield tag="040" ind1=" " ind2=" ">
    <subfield code="a">AR-UNSa-BCEJYS</subfield>
    <subfield code="b">spa</subfield>
    <subfield code="c">AR-UNSa-BCEJYS</subfield>
  </datafield>
  <datafield tag="080" ind1=" " ind2=" ">
    <subfield code="a">354.11/86</subfield>
    <subfield code="x">Ministerios. Departamentos de Estado </subfield>
  </datafield>
  <datafield tag="245" ind1="1" ind2="0">
    <subfield code="a">Las delegaciones de hacienda</subfield>
    <subfield code="p">Su historia (1881-1981)</subfield>
  </datafield>
  <datafield tag="020" ind1=" " ind2=" ">
    <subfield code="a">84-7196-374-4</subfield>
  </datafield>
  <datafield tag="264" ind1=" " ind2="1">
    <subfield code="a">Madrid :</subfield>
    <subfield code="b">Instituto de Estudio Fiscales</subfield>
    <subfield code="c">1981</subfield>
  </datafield>
  <datafield tag="505" ind1=" " ind2=" ">
    <subfield code="a">1. La administraciones de aduanas - 2. Los segundos jefes y los subdelegados de hacienda (&#xC9;poca contemp&#xF3;ranea) - 3. La desconcentraci&#xF3;n de funciones en la hacienda p&#xFA;blica - 4. La tesorer&#xED;a en las delegaciones de hacienda - 5. Los jurados tributarios de &#xE1;mbito provincial - 6. Las administraciones subalternas de hacienda 1888-1892 - 7. Las depositarias especiales y las administraciones de hacienda - 8. Un delegado de hacienda: D. Mariano Jes&#xFA;s Altolaguirre - 9. El delegado de hacienda: Honores y distintivos - 10. Los delegados de hacienda y la investigaci&#xF3;n de propiedades y derechos del Estado - 11. Los servicios recaudatorios en las provincias: Especial consideraci&#xF3;n de las relaciones entre delegados de hacienda y recaudadores de tributos - 12. Las administraciones de contribuciones,de rentas y de tributos - 13. Los delegados de hacienda y la devoluci&#xF3;n de ingresos indebidos - 14. Las administraciones de hacienda en el per&#xED;odo 1885-1886 - 15. La inspecci&#xF3;n tributaria en las provincias desde 1881 a 1925: Breve rese&#xF1;a hist&#xF3;rica - 16. Las unidades inform&#xE1;ticas en las delegaciones de hacienda - 17. Or&#xED;genes de la organizaci&#xF3;n financiera: Los precedentes de los delegados de hacienda hasta 1849 - 18. La presencia de delegados de hacienda en &#xF3;rganos estatales ajenos a la hacienda p&#xFA;blica - 19. La relaciones de los centros directivos del Ministerio de Hacienda y las delegaciones de hacienda - 20. Las subdelegaciones de hacienda - 21. Los delegados de hacienda en sus relaciones con los ayuntamientos - 22. Los delegados de hacienda y la informaci&#xF3;n externa - 23. La delegaciones de hacienda en las provincias Vascongadas y Navarra - 24. El delegado de hacienda: Incompatibilidades - 25. El delegado de hacienda en la Ley de 24 de Junio de 1885 - 26. La secci&#xF3;n de contribuci&#xF3;n sobre la renta - 27. Los delegados de hacienda y la adjudicaci&#xF3;n de bienes y la hacienda p&#xFA;blica por d&#xE9;bitos tributarios - 28. Las administraciones de servicios en las delegaciones de hacienda - 29. La intervenci&#xF3;n en las delegaciones de hacienda - 30. Los delegados de hacienda en sus relaciones con los gobernadores civiles - 31. Los jurados fiscales - 32. La diferenciaci&#xF3;n entre los actos de gesti&#xF3;n y las reclamaciones que contra ellos se promuevan: Los delegados de hacienda y los tribunales econ&#xF3;mico-adminsitartivos - 33. Los reglamentos org&#xE1;nicos de 11-5-1888,5-8-1893 y 13-10-1903 referidos a las delegaciones de hacienda - 34. El problema de las incompatibilidades de los delegados de hacienda - 35. La juntas administrativas y los tribunales de contrabando - 36. Los archivos provinciales de hacienda 1881-1981 - 37. Los delegados de hacienda en sus relaciones con las diputaciones provinciales - 38. Los servicios catastrales inmobiliarios en las delegaciones de hacienda - 39. Los delegados de hacienda en el per&#xED;odo 1849-1881 - 40. Nuestra medalla conmemorativa - 41. Los delegados de hacienda en el enlace de las gestiones tributaria y recaudatoria - 42. Los delegados de hacienda y las infracciones de contrabando - 43. La moratoria fiscal - 44. Instrumentos y m&#xE9;todos para la gesti&#xF3;n fiscal - 45. Los delegados de hacienda y la v&#xED;a econ&#xF3;mico-administrativa - 46. El cargo de delegado de hacienda - 47. Los delegados de hacienda a partir del a&#xF1;o 1940 - 48. Los delegados de hacienda y los ingresos indebidos - 49. La abogacia del Estado en las provincias: Servicio de asesoramiento - 50. El delegado de hacienda en la legislaci&#xF3;n patrimonial del Estado - 51. Los delegados de hacienda en las leyes de administraci&#xF3;n y contabilidad de la hacienda p&#xFA;blica(1850,1870 y 1911) - 52. Las delegaciones de hacienda en las Islas Canarias: Peculiaridades - 53. El delegado de hacienda en la ley general tributaria - 54. Las delegaciones de hacienda en general: Su clasificaci&#xF3;n - 55. La organizaci&#xF3;n de las delegaciones de hacienda durante los &#xFA;ltimos 100 a&#xF1;os - 56. El delegado de hacienda en la Ley de 1881 - 57. Las administraciones de loter&#xED;as - 58. Los delegados de hacienda y los servicios de represi&#xF3;n del contrabando - 59. Las adminsitarciones de propiedades y las secciones del patrimonio del Estado</subfield>
  </datafield>
  <datafield tag="041" ind1=" " ind2=" ">
    <subfield code="a">spa</subfield>
  </datafield>
  <datafield tag="942" ind1=" " ind2=" ">
    <subfield code="c">BK</subfield>
  </datafield>
  <datafield tag="590" ind1=" " ind2=" ">
    <subfield code="a">niveau_biblio:m niveau_hierar:0</subfield>
  </datafield>
  <datafield tag="100" ind1="1" ind2=" ">
    <subfield code="a">Amigueti Hidalgo, Jos&#xE9; Mar&#xED;a</subfield>
  </datafield>
  <datafield tag="700" ind1="1" ind2=" ">
    <subfield code="a">Ataz Hern&#xE1;ndez, Francisco</subfield>
  </datafield>
  <datafield tag="700" ind1="1" ind2=" ">
    <subfield code="a">Bancielles de la Vega, Julio C&#xE9;sar</subfield>
  </datafield>
  <datafield tag="700" ind1="1" ind2=" ">
    <subfield code="a">Bennassar Alcover, Jaime</subfield>
  </datafield>
  <datafield tag="999" ind1=" " ind2=" ">
    <subfield code="c">5595</subfield>
    <subfield code="d">5595</subfield>
  </datafield>
  <datafield tag="952" ind1=" " ind2=" ">
    <subfield code="0">0</subfield>
    <subfield code="1">0</subfield>
    <subfield code="4">0</subfield>
    <subfield code="7">0</subfield>
    <subfield code="a">BCEJYS</subfield>
    <subfield code="b">BCEJYS</subfield>
    <subfield code="c">16</subfield>
    <subfield code="d">2026-04-07</subfield>
    <subfield code="l">0</subfield>
    <subfield code="o">354.11/86 D346</subfield>
    <subfield code="p">L86442</subfield>
    <subfield code="r">2026-04-07 15:58:18</subfield>
    <subfield code="w">2026-04-07</subfield>
    <subfield code="y">L</subfield>
  </datafield>
</record>
